000
00232nam a22000977a 4500
999
_c
522528
_d
522528
082
_a
TNC
100
_a
Ramachandran, K S
_9
37727
245
_a
Gulf war and enviromental problems
260
_a
New Delhli
_b
Ashish
_c
1991
300
_a
318p.